Devinez le Département Mystère #53 - Statistiques

Statistiques générales
  • Ce quiz a été pris 172 fois
  • Le résultat moyen est 27 sur 31
Statistiques - réponses
Type de Réponse Réponse % Correct
Lettre de l'Alphabet E
100%
Lettre de l'Alphabet I
100%
Lettre de l'Alphabet N
100%
Lettre de l'Alphabet O
100%
Lettre Trouvée R
100%
Lettre Trouvée A
99%
Lettre de l'Alphabet S
98%
Lettre de l'Alphabet D
97%
Lettre de l'Alphabet L
96%
Lettre Trouvée U
96%
Lettre de l'Alphabet T
95%
Lettre de l'Alphabet H
94%
Lettre de l'Alphabet C
92%
Lettre de l'Alphabet M
92%
Lettre de l'Alphabet B
89%
Lettre Bien Placée R
89%
Lettre de l'Alphabet V
89%
Lettre de l'Alphabet G
88%
Lettre Bien Placée U
87%
Lettre de l'Alphabet Y
82%
Lettre de l'Alphabet P
81%
Lettre de l'Alphabet F
77%
Lettre de l'Alphabet Q
77%
Lettre de l'Alphabet X
76%
Lettre Bien Placée A
75%
Lettre Bien Placée J
75%
Lettre Trouvée J
75%
Département Mystère Jura
75%
Lettre de l'Alphabet K
75%
Lettre de l'Alphabet W
75%
Lettre de l'Alphabet Z
75%
Aucun quiz correspondant
Distribution des résultats
% des personnes avec chaque résultat
Percentile par nombre de réponses
Votre historique - résultats
Vous n’avez pas pris ce quiz